000 00802nab a2200241 u 4500
001 18907
003 HDC
007 cr bn ---aaaaa
008 210227c20101022xx dr|noo 0 a may d
040 _aHDC
245 0 _aPelajar Arab Beritahu Pegawai Agama, Arak Halal Di Negara Mereka
260 _a[No place] :
_b[publisher not identified],
_c2010
300 _a1 online resource
336 _atext
_2rdacontent
337 _acomputer
_2rdamedia
338 _aonline resource
_2rdacarrier
650 _aAlcohol
_92098
650 _aFood and beverages
_98102
856 _zRequest full-text at [email protected]
942 _2lcc
942 _cNEWS
942 _kNWSO 006167
999 _c16223
_d16223